000
00286nam a22001337a 4500
008
170425b xxu||||| |||| 00| 0 eng d
020
_a
9780030367861
041
_a
eng
080
_a
54
100
_a
12
101
_a
SHM
245
_a
MODERN CHEMISTRY
_c
DAVIS.R.E
942
_2
udc
_c
BK
999
_c
11976
_d
11976